000
00336nam a2200145Ia 4500
008
150201s2006 xx 000 0 und d
082
_a
301
_b
S06I
100
_a
INDRANI , TK.
245
_a
TB. OF SOCIOLOGY FOR NURSES
250
_a
1ST
260
_b
JAYPEE
_a
DELHI
_c
2006
300
_a
258
650
_a
SOCIOLOGY
942
_2
ddc
_c
BK
_0
88
999
_c
2094
_d
2094